000 00452nam a2200169Ia 4500
005 20250923144452.0
008 008 250917s9999 xx 000 0 eng d
037 _aReference
040 _aDSWL
_beng
_cDSWL
041 _aeng
_2eng
084 _qDSWL
245 0 _aIndian labour year book 1950-51
_cby India Labour Bureau
260 _aDelhi
_bManager of Publication
_c1953
300 _av,527p.
942 _cREF
999 _c1439266
_d1439266